| 000 | 00669nam a2200217 a 4500 | ||
|---|---|---|---|
| 001 | 2582937 | ||
| 005 | 20250430152403.0 | ||
| 008 | 960617s1997 mauab b 001 0 eng | ||
| 020 | _a0395665922 (student book) | ||
| 020 | _a0395843855 (examination copy) | ||
| 020 | _a9780395665923 | ||
| 050 | 0 | 0 |
_aHF5415.32 _b.H69 1997 |
| 082 | 0 | 0 |
_a658.8/342 _221 |
| 100 | 1 | _aHoyer, Wayne D. | |
| 245 | 1 | 0 |
_aConsumer behavior / _cWayne D. Hoyer, Deborah J. MacInnis. |
| 260 |
_aBoston : _bHoughton Mifflin, _cc1997. |
||
| 300 |
_axxviii, 675 p. : _bill. (some col.), col. map ; _c27 cm. |
||
| 650 | 0 | _aConsumer behavior. | |
| 700 | 1 | _aMacInnis, Deborah J. | |
| 942 |
_2lcc _cBK _n0 |
||
| 999 |
_c5625 _d5625 |
||